Top 10 Città più popolose Provincia di Macerata - Statistics

Statistiche generali
  • Questo quiz è stato fatto 20 volte
  • Il punteggio medio è 5 su 10
Statistiche sulle risposte
Popolazione (ab.) Città % Corretto
41 200 Macerata
100%
42 692 Civitanova Marche
88%
11 495 Porto Recanati
63%
21 416 Recanati
63%
20 336 Tolentino
56%
15 322 Corridonia
44%
10 287 Morrovalle
25%
15 843 Potenza Picena
25%
13 018 San Severino Marche
25%
10 509 Cingoli
19%
Nessun quiz corrispondente trovato
Distribuzione punteggi
Percentuale di utenti per punteggio
Percentile per numero di risposta
I tuoi punteggi nel tempo
Non hai fatto questo quiz